LEADER 01577oam 2200481 450 001 9910705656503321 005 20170802153032.0 035 $a(CKB)5470000002451831 035 $a(OCoLC)986414650 035 $a(EXLCZ)995470000002451831 100 $a20170509d2017 ua 0 101 0 $aeng 135 $aur||||||||||| 181 $ctxt$2rdacontent 182 $cc$2rdamedia 183 $acr$2rdacarrier 200 10$aAdapt or fail $ethe United States Air Force's role in reconstituting the Iraqi Air Force, 2004-2007 /$fGeorge W. Cully 210 1$aMaxwell Air Force Base, Alabama :$cAir University Press, Air Force Research Institute,$d2017. 215 $a1 online resource (xiv, 149 pages) 300 $a"Published by Air University Press in February 2017." 320 $aIncludes bibliographical (pages [133]-149) references and index. 517 $aAdapt or fail 606 $aAir forces$zIraq$xHistory 606 $aAir power$zIraq$xHistory 607 $aUnited States$xArmed Forces$xStability operations 608 $aOnline resources. 615 0$aAir forces$xHistory. 615 0$aAir power$xHistory. 676 $a956.7044/348 700 $aCully$b George W.$f1946-$01403958 712 02$aAir University (U.S.).$bAir Force Research Institute, 712 02$aAir University (U.S.).$bPress, 801 0$bGPO 801 1$bGPO 801 2$bGPO 801 2$bMERUC 801 2$bDID 801 2$bAZP 801 2$bGPO 906 $aBOOK 912 $a9910705656503321 996 $aAdapt or fail$93477641 997 $aUNINA LEADER 01551nam 2200409I 450 001 9910703836803321 005 20240919164313.0 035 $a(CKB)5470000002435365 035 $a(OCoLC)915087055 035 $a(EXLCZ)995470000002435365 100 $a20150729d2015 ua 0 101 0 $aeng 135 $aurmn||||||||| 181 $2rdacontent 182 $2rdamedia 183 $2rdacarrier 200 10$aIRS examination selection $eIRS should strengthen internal controls for exempt organization selection : testimony before the Subcommittee on Oversight, Committee on Ways & Means, House of Representatives /$fstatement of Jay McTigue 210 1$a[Washington, D.C.] :$cUnited States Government Accountability Office,$d2015. 215 $a1 online resource (5 pages) $ccolor illustration 225 1 $aTestimony ;$vGAO-15-753T 300 $aTitle from title screen (viewed July 29, 2015). 300 $a"For release ... July 23, 2015." 320 $aIncludes bibliographical references. 517 $aIRS examination selection 606 $aNonprofit organizations 606 $aTax exemption 615 0$aNonprofit organizations. 615 0$aTax exemption. 700 $aMcTigue$b Jay$01409829 712 02$aUnited States.$bCongress.$bHouse.$bCommittee on Ways and Means.$bSubcommittee on Oversight, 712 02$aUnited States.$bGovernment Accountability Office, 801 0$bGPO 801 1$bGPO 906 $aBOOK 912 $a9910703836803321 996 $aIRS examination selection$93497271 997 $aUNINA